Central Library OPAC University of Rajshahi

The Transfer of property act, 1882 (Record no. 49677)

MARC details
000 -LEADER
fixed length control field 00788nam a2200241 a 4500
001 - CONTROL NUMBER
control field 49677
003 - CONTROL NUMBER IDENTIFIER
rucl marc code BD-RjUL
005 - DATE AND TIME OF LATEST TRANSACTION
control field 20211209054719.0
008 - FIXED-LENGTH DATA ELEMENTS--GENERAL INFORMATION
fixed length control field 160822s1971 ii 000 0 eng
035 ## - SYSTEM CONTROL NUMBER
System control number (BD-RjUL) 49797
040 ## - CATALOGING SOURCE
Original cataloging agency DLC
Transcribing agency DLC
Modifying agency BD-RjU
Language of cataloging eng
041 ## - LANGUAGE CODE
Language code of text/sound track or separate title eng
082 00 - DEWEY DECIMAL CLASSIFICATION NUMBER
Classification number 346.04360954
Edition number 23
Author mark and year MIT 1971
100 1# - MAIN ENTRY--PERSONAL NAME
Personal name Mitra, B. B.,
Dates associated with a name -1935.
9 (RLIN) 148953
245 00 - TITLE STATEMENT
Title The Transfer of property act, 1882
Remainder of title : act IV of 1882 /
Statement of responsibility, etc. Mitra, B. B
250 ## - EDITION STATEMENT
Edition statement 12th ed. /
260 ## - PUBLICATION, DISTRIBUTION, ETC. (IMPRINT)
Place of publication, distribution, etc. Calcutta :
Name of publisher, distributor, etc. Debooks : Eastern Law House,
Date of publication, distribution, etc. 1971.
300 ## - PHYSICAL DESCRIPTION
Pagination [97], 1156 p. ;
Size 25 cm.
650 #0 - SUBJECT ADDED ENTRY--TOPICAL TERM
Topical term or geographic name as entry element Transfer (Law)
Geographic subdivision India.
9 (RLIN) 148954
700 1# - ADDED ENTRY--PERSONAL NAME
Personal name Sen, Asoke Chandra.
710 12 - ADDED ENTRY--CORPORATE NAME
Corporate name or jurisdiction name as entry element India (Republic).
Form subheading Laws, statutes, etc.
Title of a work Transfer of property act, 1882. 1978.
9 (RLIN) 148956
942 ## - ADDED ENTRY ELEMENTS (KOHA)
Source of classification or shelving scheme Dewey Decimal Classification
Koha item type Books
Holdings
Lost status Source of classification or shelving scheme Damaged status Not for loan Collection code Permanent Location Current Location Shelving location Date acquired Source of acquisition Cost, normal purchase price Total Checkouts Full call number Date last seen Copy number Koha item type
  Dewey Decimal Classification     Non-fiction Central Library, University of Rajshahi Central Library, University of Rajshahi   31/01/1972 Warsi book co. Dhaka 63.50   346.04360954 MIT 1971 22/08/2016 C-2 Books
  Dewey Decimal Classification     Non-fiction Central Library, University of Rajshahi Central Library, University of Rajshahi   31/01/1972 Warri Book Centre 63.50   346.04360954 MIT 1971 20/09/2016 C-3 Books
  Dewey Decimal Classification     Non-fiction Central Library, University of Rajshahi Central Library, University of Rajshahi   31/01/1972 Warsi book Corp. 63.50   346.04360954 MIT 1971 28/11/2016 C-4 Books
  Dewey Decimal Classification   Not For Loan Non-fiction Central Library, University of Rajshahi Central Library, University of Rajshahi Reading Room 25/08/1972 law house 5.50   346.04360954 MIT 1971 19/01/2017 C-1 Books